| 000 | 00449nam a2200109Ia 4500 | ||
|---|---|---|---|
| 008 | 230907s9999||||xx |||||||||||||| ||und|| | ||
| 082 |
_a621 _bPRO |
||
| 245 | 0 | _aProceedings of the ASME International Mechanical Engineering Congress and Exposition -- 2014 : | |
| 300 | _aVolume 8B : | ||
| 650 |
_aCongresses. Congresses. Congresses. Congresses. Congresses. Congresses. Congresses. Congresses. Congresses. Congresses. Congresses. _9116091 |
||
| 942 | _cBK | ||
| 999 |
_c601006 _d601006 |
||